Catalog

Record Details

Catalog Search



Available copies

  • 0 of 1 copy available at LARL/NWRL Consortium.

Current holds

0 current holds with 1 total copy.

Show All Copies
Location Call Number / Copy Notes Barcode Shelving Location Status Due Date

Record details

  • ISBN: 0531301362 (trade : alk. paper)
  • ISBN: 0531331369 (lib. bdg. : alk. paper)
  • Physical Description: 1 v. (unpaged) : ill. ; 29 cm.
  • Publisher: New York : Orchard Books, 1999.

Content descriptions

Summary, etc.:
After her pig George gets a ticket while driving ... Read More
Subject: Swine > Juvenile fiction.
Domestic animals > Juvenile fiction.
LDR 01292cam a22002898a 4500
00127018
003LARL_NWRL_CONSORTIUM
00519980715140420.0
008980708s1999 nyu b 000 1 eng
010 . ‡a98036161 /AC
020 . ‡a0531301362 (trade : alk. paper)
020 . ‡a0531331369 (lib. bdg. : alk. paper)
035 . ‡a(OCoLC)39505731
03500. ‡ilcmarc/AWU-5792/NWRLTECH
040 . ‡aDLC ‡cDLC
08200. ‡a[E] ‡221
092 . ‡ae JOH
1001 . ‡aJohnson, Paul Brett. ‡0(LARL_NWRL_CONSORTIUM)108685
24514. ‡aThe pig who ran a red light / ‡cPaul Brett Johnson.
260 . ‡aNew York : ‡bOrchard Books, ‡c1999.
300 . ‡a1 v. (unpaged) : ‡bill. ; ‡c29 cm.
520 . ‡aAfter her pig George gets a ticket while driving her pick-up truck, Miss Rosemary uses his habit of imitating Gertrude the cow to get him to behave as he should.
650 0. ‡aSwine ‡vJuvenile fiction. ‡0(LARL_NWRL_CONSORTIUM)175370
650 0. ‡aDomestic animals ‡vJuvenile fiction. ‡0(LARL_NWRL_CONSORTIUM)171985
901 . ‡a27018 ‡bOCLC ‡c27018 ‡tbiblio

Additional Resources